[Event "Challenge"]
[Site "http://www.queenalice.com/game.php?id=1867503"]
[Date "2026.1.2"]
[Round "-"]
[White "iliov2008"]
[Black "Leanne"]
[Result "1-0"]
[WhiteElo "1493"]
[BlackElo "1318"]

1. e4 d5 2. f3 Nc6 3. exd5 Qxd5 4. Nc3 Qf5 5. Bb5 Bd7 6. g4 Qe6+ 7. Ne4 Qd5 8.
Bxc6 Qxc6 9. a4 b6 10. d3 Nf6 11. Bg5 Nxe4 12. dxe4 O-O-O 13. a5 bxa5 14. Rxa5
a6 15. h4 f6 16. Be3 e5 17. f4 Bb4+ 18. Bd2 Bxa5 19. Bxa5 Qxe4+ 20. Kf1 1-0

[Event "Challenge"]
[Site "http://www.queenalice.com/game.php?id=1867520"]
[Date "2026.1.2"]
[Round "-"]
[White "Leanne"]
[Black "shmurtz91"]
[Result "0-1"]
[WhiteElo "1330"]
[BlackElo "1983"]

1. e4 e5 2. d4 exd4 3. Qxd4 Nc6 4. Qe3 d6 5. Nf3 g6 6. e5 dxe5 7. Nxe5 Qe7 8.
Nxc6 bxc6 9. Bc4 Bb7 10. O-O Nf6 11. Qf3 Bg7 12. Nc3 O-O 13. Bg5 Qe5 14. Bxf6
Bxf6 15. g3 Rab8 16. Rae1 c5 17. Bd5 Qf5 18. Bxb7 Qxf3 0-1

[Event "Challenge"]
[Site "http://www.queenalice.com/game.php?id=1867521"]
[Date "2026.1.2"]
[Round "-"]
[White "shmurtz91"]
[Black "Leanne"]
[Result "1-0"]
[WhiteElo "1981"]
[BlackElo "1332"]

1. d4 d5 2. c4 c6 3. Nf3 dxc4 4. e4 e6 5. Bxc4 Nf6 6. Nc3 Bb4 7. Bg5 Bxc3+ 8.
bxc3 Nbd7 9. e5 Qa5 10. Qd3 Nh5 11. O-O f6 12. exf6 gxf6 13. Bh4 Nf4 14. Qe4
Nxg2 15. Kxg2 e5 16. Qf5 Qxc3 17. dxe5 1-0

[Event "Challenge"]
[Site "http://www.queenalice.com/game.php?id=1868619"]
[Date "2026.1.28"]
[Round "-"]
[White "Leanne"]
[Black "dejami"]
[Result "0-1"]
[WhiteElo "1302"]
[BlackElo "1754"]

1. c4 e5 2. Nc3 c6 3. e3 Nh6 4. Nf3 Qf6 5. Be2 g5 6. O-O d6 7. Ne4 Qe7 8. Nfxg5
f5 9. Bh5+ Kd8 10. Nf7+ Nxf7 11. Bxf7 Qxf7 12. Ng3 h5 13. Qe2 h4 14. Nh1 Be6 15.
b3 Na6 16. g3 Qh7 17. d4 e4 18. f3 Nb4 19. fxe4 fxe4 20. d5 cxd5 0-1

[Event "Challenge"]
[Site "http://www.queenalice.com/game.php?id=1868620"]
[Date "2026.1.28"]
[Round "-"]
[White "dejami"]
[Black "Leanne"]
[Result "1-0"]
[WhiteElo "1752"]
[BlackElo "1304"]

1. e4 e5 2. Bc4 f5 3. exf5 Nf6 4. d3 d5 5. Bb3 Bxf5 6. g4 Bg6 7. h4 e4 8. d4 h5
9. g5 Ng4 10. Qe2 Nc6 11. Nh3 Nxd4 12. Qd1 Nxb3 13. cxb3 Bb4+ 14. Bd2 Bxd2+ 15.
Qxd2 Qd6 16. Nf4 O-O-O 17. Na3 e3 18. fxe3 Be4 19. O-O d4 20. Nc4 Qc5 21. Ne6
dxe3 22. Nxc5 1-0

[Event "Challenge"]
[Site "http://www.queenalice.com/game.php?id=1868653"]
[Date "2026.1.30"]
[Round "-"]
[White "Leanne"]
[Black "caradepau"]
[Result "0-1"]
[WhiteElo "1311"]
[BlackElo "1739"]

1. e4 e5 2. d4 Qe7 3. Nc3 c6 4. Nf3 h6 5. dxe5 Qc5 6. Qd2 d6 7. exd6 Bxd6 8. g3
a6 9. Bg2 Nf6 10. O-O O-O 11. e5 Bxe5 12. Nxe5 Qxe5 13. b3 Nbd7 14. Ba3 Nc5 15.
Na4 Nxa4 16. Bxf8 Kxf8 17. bxa4 Bf5 18. Rae1 Qb2 19. Qd6+ Kg8 20. c4 Qxa2 21.
Rd1 Qxc4 22. Qe5 Qxa4 23. Qxf5 Nd5 24. Bxd5 cxd5 25. Qxd5 Rb8 26. Rd4 Qc6 27.
Qd6 Qxd6 28. Rxd6 Kh7 0-1

[Event "Challenge"]
[Site "http://www.queenalice.com/game.php?id=1868654"]
[Date "2026.1.30"]
[Round "-"]
[White "caradepau"]
[Black "Leanne"]
[Result "1/2-1/2"]
[WhiteElo "1725"]
[BlackElo "1305"]

1. e4 c5 2. Bc4 e6 3. d3 Nc6 4. a3 Be7 5. Qg4 g6 6. Nf3 Nf6 7. Qg3 d5 8. Ba2
dxe4 9. Nfd2 exd3 10. cxd3 Nd4 11. O-O Ne2+ 12. Kh1 Nxg3+ 13. hxg3 O-O 14. Nf3
Qxd3 15. Nbd2 Ne4 16. Bc4 Nxg3+ 17. Kg1 Qd6 18. fxg3 1/2-1/2